Poconé : (Record no. 1280)

MARC details
000 -LÍDER
Campo Fixo de Controle 00744nam a2200241 a 4500
001 - NÚMERO DE CONTROLE
Campo de Controle 1280
003 - IDENTIFICAÇÃO DO NÚMERO DE CONTROLE
Campo de Controle BR-CuiBMT
005 - DATA E HORA DA ÚLTIMA ATUALIZAÇÃO
Campo de Controle 20231204150129.0
008 - DADOS FIXOS
Dados Fixos 231129s2010 mtba 000 0 por d
020 ## - INTERNATIONAL STANDARD BOOK NUMBER
Nº do ISBN 9788599146880
040 ## - AGÊNCIA CATALOGADORA
Código da Agência Catalogadora BR-CuiBMT
Agência que transcreveu o registro BR-CuiBMT
080 ## - Nº DA CLASSIFICAÇÃO DECIMAL UNIVERSAL
Nº Class. CDU 910.4
Subd. Auxiliar Comum (817.2)
Nº edição CDU 2007
090 ## - NÚMERO DE CHAMADA
Nº classificação 910.4(817.2)
Cutter B493p
100 1# - ENTRADA PRINCIPAL -- AUTOR PESSOAL
Nome pessoal Bergamasco, Marcos
245 10 - TÍTULO PRINCIPAL
Título principal Poconé :
Subtítulo terra de um povo pantaneiro : land of pantaneiros /
Indicação de responsabilidade Marcos Bergamasco.
260 ## - PUBLICAÇÃO, DISTRIBUIÇÃO, ETC.
Local de publicação Cuiabá :
Editora Carlini & Caniato,
Data 2010.
300 ## - DESCRIÇÃO FÍSICA
N. páginas ou volumes 95 p. :
Ilustrações il. color. ;
Dimensões 18 x 25 cm
504 ## - NOTA DE BIBLIOGRAFIA, ETC.
Nota de bibliografia Inclui bibliografia.
650 ## - ASSUNTO TÓPICO
Cabeçalho tópico ou nome geográfico Poconé (MT)
Subdivisão geral Fotografias
650 ## - ASSUNTO TÓPICO
Cabeçalho tópico ou nome geográfico Poconé (MT)
Subdivisão geral Cultura
650 ## - ASSUNTO TÓPICO
Cabeçalho tópico ou nome geográfico Poconé (MT)
Subdivisão geral Descrição e viagens
942 ## - ELEMENTOS DE ENTRADA ADICIONAIS (KOHA)
Fonte de classificação ou esquema de arquivamento Classificação Decimal Universal
Tipo de item do Koha Livros
Holdings
Estado: removido Estado: perdido Fonte de classificação ou esquema de arquivamento Estado: danificado Indisponível para empréstimo Localização permanente Localização atual Data de aquisição Total Checkouts Número de Chamada completo Código de barras Date last seen Número do exemplar Preço efetivo a partir de Tipo de item (Koha)
    Classificação Decimal Universal     Biblioteca da Escola Superior de Contas do TCE/MT Biblioteca da Escola Superior de Contas do TCE/MT 04/12/2023   910.4(817.2) B493p BIBTCEMT23120098 04/12/2023 Ex. 1 04/12/2023 Livros

Powered by Koha